| 000 | 00700cam a2200217 a 4500 | ||
|---|---|---|---|
| 001 | 000006203 | ||
| 005 | 20200929151955.0 | ||
| 008 | 930722s1991 ve 001 p spa c | ||
| 020 | _a9800104518 | ||
| 040 |
_aDO-SdBNP _cTxU _dDLC |
||
| 082 |
_aV861.44 _bB677f |
||
| 100 | 1 |
_aBohórquez, Douglas _qDouglas Bohórquez Rincón, _d1951- _917360 |
|
| 245 | 1 | 0 |
_aFabla del oscuro / _cDouglas Bohórquez. |
| 260 |
_aCaracas, Venezuela : _bMonte Ávila, _c1991. |
||
| 300 |
_a56 p. ; _c21 cm. |
||
| 490 | 1 | _aLas Formas del fuego | |
| 650 | 4 |
_aPoesía venezolana _94230 |
|
| 650 | 4 |
_aLiteratura venezolana _ySIGLO XXI _917361 |
|
| 830 | 0 |
_aLas Formas del fuego. _914676 |
|
| 910 | _aCatalogación por copia / LC | ||
| 999 |
_c5998 _d5998 |
||